Nový systém financovania by mal stabilizovať výdavky na zdravotníctvo

Zmluvné vzťahy medzi súkromnými lekármi a zdravotnými poisťovňami. Zmena financovania zdravotnej starostlivosti v r. 1999. Charakteristika nového systému financovania.

Saved in:
Bibliographic Details
Main Author: Velecký, Milan
Format: Book Chapter
Language:Slovak
Subjects:
Tags: Add Tag
No Tags, Be the first to tag this record!

MARC

LEADER 00000naa a2200000 4500
001 r033736
005 20230921102031.2
041 0 |a slo 
044 |a SK 
245 1 0 |a Nový systém financovania by mal stabilizovať výdavky na zdravotníctvo  |c Milan Velecký 
520 |a Zmluvné vzťahy medzi súkromnými lekármi a zdravotnými poisťovňami. Zmena financovania zdravotnej starostlivosti v r. 1999. Charakteristika nového systému financovania. 
610 2 0 |a zdravotníctvo 
610 2 0 |a financovanie 
610 2 0 |a lekári 
610 2 0 |a poisťovne zdravotné 
610 2 0 |a vzťahy zmluvné 
610 2 0 |a Slovensko 
610 2 0 |a 1999 
100 1 |a Velecký, Milan